| 000 | 009960000a22002410004500 | ||
|---|---|---|---|
| 003 | LK-CoMWRAF | ||
| 005 | 20240120143552.0 | ||
| 008 | 230817t1999 ||||| |||| 00| 0 eng d | ||
| 020 | _a9958958619 | ||
| 040 |
_aLK-CoMWRAF _dLK-CoMWRAF _eLK-CoMWRAF |
||
| 041 | _aeng | ||
| 082 |
_a362.82 _bTOL |
||
| 245 |
_aTo live with(out) violence : _bfinal report violence against women Zenica Bosnia-Herzegovina |
||
| 260 |
_aZenica: _bInfoteka, _c1999 |
||
| 300 | _a 94 p. : ill. (some color) ; 23 cm | ||
| 490 | _a A second look 2--excerpts | ||
| 520 | _aExcerpts from the original book written in the Bosnian language by Medica professionals working in the Women's Therapy Center. These professionals relate their experiences in working with these women survivors of violence | ||
| 650 | _aAbused women-Bosnia and Herzegovina- Zenica | ||
| 650 | _aWomen, Violence against- Bosnia and Herzegovina- Zenica | ||
| 700 |
_aPeele, Holly _eed. |
||
| 700 |
_aAndrić-Ružičić, Duška _eed. |
||
| 942 | _cBK | ||
| 999 |
_c49 _d49 |
||